000 01033nam a2200277Ia 4500
005 20240530111002.0
008 140319s2009 ua a g 000 0 ara d
017 _bمصر. دار الكتب
_a2020/22163
020 _a9774221133
040 _aGCL /
_cGCL
082 0 4 _221
_a658.4056 /
_bف ا
100 0 _aفريد النجار
245 1 0 _aادارة الازمات والكوارث فى القرن 21 :
_bالمقارنات - الاستراتيجيات - السلوكيات /
_cتاليف فريد النجار
250 _aط. 1
260 _aالاسكندرية :
_bالدار الجامعية،
_c2009.
300 _a305 ص. :
_bايض ؛
_c24 سم.
650 0 7 _aادارة الاعمال
650 0 7 _aالازمات
650 0 7 _aالكوارث
650 0 7 _aازمات البطالة
650 0 7 _aازمات الاستثمار الاجنبى
650 0 7 _aالعولمة
650 0 7 _aادارة الجودة الشاملة
942 _2ddc
_cBK
999 _c67192
_d67192